000 00455nam a2200181Ia 4500
001 11878
005 20260306162900.0
008 260306t1996||||xx |||||||||||||| ||spa||
041 _aESP
082 _aHR 200
_bNº 3 1996 RAAA
110 _aArchivo Arzobispal de Arequipa
245 0 _aRevista Archivo Arzobispal de Arequipa
260 _c1996
300 _a255 páginas :
_c21 cm.
650 _aGEN
654 _aCHU
942 _cREV
_dJUS
_fJUS
_2ddc
_n
999 _c11878
_d11878